САЩ и Европа (Запис номер 159646)
[ съкратено ]
| 000 -Лидер | |
|---|---|
| Контролно поле с фиксирана дължина | 01827nam a2200385 c 4500 |
| 003 - Код на организацията, давaща контролен номер | |
| Контролно поле | BLK |
| 005 - Дата и час на последна редакция | |
| Контролно поле | 20220822152345.0 |
| 008 - Елементи от данни с фиксирана дължина | |
| fixed length control field | 180410b bul|||||r ||||||| ||bul|| |
| 010 ## - Наследен системен номер | |
| LC control number | KNG00166819000 |
| 020 ## - Международен стандартен номер на книга ISBN | |
| Международен стандартен номер на книга ISBN | 978-954-400-971-7 |
| -- | издат.: Фабер - (подв.) |
| 040 ## - Източник на каталожния запис | |
| Идентификатор на билиотеката - собственик на записа | BLK |
| 041 ## - Код за език | |
| Код за езика на текст/звукозапис или на отделно заглавие | Български |
| Код за езика КДБФ | Български |
| 072 #7 - Код за тематичната категория | |
| Код организация | bullib |
| Код за тематична категория | Н32 |
| Текст | Политика Н |
| 080 ## - УДК | |
| Текстов определител УДК | Международни политически отношения. Световна политика. Международна политика. Дипломация |
| УДК код - определител по УДК | 327 |
| УДК определител | (73+4) |
| УДК - код + определител | 327(73+4) |
| 100 1# - Редна дума - Автор | |
| Автор | Аврейски, Никола Иванов |
| Авторска отговорност | първи автор |
| R(LIN) | 381569 |
| 139 ## - Редно поле | |
| Редна дума | Аврейски, Никола Иванов |
| Авторски знак | Авр - А 20 |
| 245 10 - Сведения за заглавието | |
| Заглавие | САЩ и Европа |
| Подзаглавни данни | Европейската политика на Вашингтон : От създаването на САЩ до края на Втората световна война ; През епохата на Студената война ; От приключването на Студената война до наши дни |
| Редно поле (дума) | Никола Иванов Аврейски. |
| 257 ## - Страна на издаване | |
| Страна на създаване/издаване | България |
| 260 ## - Област на издателските данни | |
| -- | В. Търново |
| Име на издателя, разпространителя и проч. | Фабер |
| Година на издаване | 2013 |
| 300 ## - Физическа характеристика | |
| Страници | 936 с. |
| Размери/Мащаб | 25 см |
| 380 ## - Жанр | |
| Жанр | Обществени науки |
| 500 ## - Общи забележки | |
| Забележка | Съдържа и за авт. - Библиогр. с. 912-933. |
| 650 #4 - Допълнително описание по предмет – тема | |
| Основно описание – тема или топоним | САЩ - външна политика |
| 9 (RLIN) | 246834 |
| 650 #4 - Допълнително описание по предмет – тема | |
| Основно описание – тема или топоним | Европа - външна политика |
| 9 (RLIN) | 281678 |
| 651 #4 - Допълнително описание по предмет - топоним | |
| Географско понятие | САЩ |
| 9 (RLIN) | 179493 |
| 651 #4 - Допълнително описание по предмет - топоним | |
| Географско понятие | Европа |
| 9 (RLIN) | 244407 |
| 653 ## - Ключова дума – ненормативна | |
| Ключова дума | външна политика |
| 653 ## - Ключова дума – ненормативна | |
| Ключова дума | международни отношения |
| 659 ## - Тематичен бюлетин | |
| Тематичен бюлетин | Н |
| 852 ## - Местоположение | |
| Форматна сигнатура | Цб 271308 |
| 856 4# - Електронен адрес и достъп | |
| Електронен формат | pdf - файл |
| Път до файла /url/ | |
| 856 4# - Електронен адрес и достъп | |
| Електронен формат | pdf - файл |
| Път до файла /url/ | |
| 942 ## - АРТИКУЛИ | |
| Вид на библиотечния материал | Книги |
| Скрит в OPAC | Не |
| Koha issues (borrowed), all copies | 1 |
| 944 ## - СЪЗДАВАНЕ И РЕДАКЦИЯ на ЗАПИСА | |
| Създаване/Редакция | Създаване |
| Дата на регистрацията/редакция | 04.11.2014 |
| Статус, дата на статуса | ф / |
| Служител, извършил регистрацията/редакцията | Пенка_Димитрова |
| 944 ## - СЪЗДАВАНЕ И РЕДАКЦИЯ на ЗАПИСА | |
| Създаване/Редакция | Редакция |
| Дата на регистрацията/редакция | 11.11.2014 |
| Статус, дата на статуса | ф / |
| Служител, извършил регистрацията/редакцията | Людмила_Стоянова |
| 999 ## - СИСТЕМНИ КОНТРОЛНИ НОМЕРА | |
| Koha biblionumber | 159646 |
| Koha biblioitemnumber | 159646 |
| Код за отписване | Код за изгубен артикул | Код за повреда | Коз за рестрикции | Код за отдаване | Артикулен № | Име на библиотеката - собственик | Име на библиотеката, в която се намира в момента | Статус (Текущо местоположение) | Дата на вписване в системата | Местоположение - отдел | Цена в лева | Инвентарен номер | Систематично азбучна сигнатура | Баркод | Номер на екземпляра | Цена в евро | Служебна бележка | Служебен тип на артикула | Източник на класификационната схема |
|---|---|---|---|---|---|---|---|---|---|---|---|---|---|---|---|---|---|---|---|
| Не е изгубен | Не е повреден | без рестрикции | ползва се в читалня | 266818 | Регионална библиотека "Любен Каравелов" Русе | Регионална библиотека "Любен Каравелов" Русе | Читалня | 2014-11-06 | Читалня | 50.00 | 120000782077 | Ч 327/А 20 | 120000782077 | 1 | 25.56 | Дост: Pk Вид: Ф N: 415 Дата: 06.11.2014 Дата инв: 22.03.2017 Бележки инв: Ч2017 | Книги | ||
| Не е изгубен | Не е повреден | без рестрикции | заемане за дома | 677640 | Регионална библиотека "Любен Каравелов" Русе | Регионална библиотека "Любен Каравелов" Русе | Заемна - подръчен фонд | 2018-06-19 | Заемна - подръчен фонд | 50.00 | 120000821462 | П 327/А 20 | 120000821462 | 25.56 | Книги | Universal Decimal Classification |